000 00645nam a2200241Ia 4500
003 OSt
005 20220918221925.0
006 a|||||r|||| 00| 0
007 ta
008 220917b |||||||| |||| 00| 0 eng d
024 _a210,635
037 _cTextual
040 _aARTS
_cARTS
_beng
041 _2eng
_aeng
082 _aQ7k, N9 (FAL/RR)
100 _aHughes Thomas Patrick
_9141749
245 0 _aDictionary of Islam
260 _aAllahabad
_bRupa & co.
_c1999
300 _avii, 750 p
_ccm.
650 _aRELIGION
942 _hQ7k, N9 (FAL/RR)
_cTEXL
_2CC
999 _c274026
_d274026